Science Quiz

Random Science or Biology Quiz

MCAT Micribio Quiz Stats

 Plays Quiz not verified by Sporcle

Also try: Head-to-Toe Blitz
Challenge
Share
Tweet
Embed
Score 0/30 Timer 10:00
0 Plays Today
Hint Answer % Correct
Thin walled, pink when gram stainedgram negative
82.8%
Thick walled, purple when stainedgram positive
82.8%
enzyme that creates DNA from RNAreverse transcriptase
67.8%
viral infection cycle for virulent viruseslytic
65.5%
round bacteriacocci
64.4%
bacterial cell wall is composed of peptidoglycan
58.6%
a type of asexual bacterial reporductionbinary fission
58.6%
rod shaped bacteriabacilli
55.2%
movement of a compound against its electrochemical gradient requiresactive transport
55.2%
when amphipathic molecules spontaneously aggregate,turning their polar ends toward the solution, and their nonpolar ends toward each othermicelle
50.6%
genetic recombination in bacteriaconjugation
50.6%
process by which bacteria may incorporate DNA from their external environment into their genome transformation
49.4%
diffusion with transport proteins down an electrochemical gradientfacilitated diffusion
48.3%
Protein coat of a viruscapsid
47.1%
pressure pulling in for cellsosmotic pressure
35.6%
Hint Answer % Correct
when a bacteriophage mistakenly encapsulates a DNA fragment of the host celltransduction
32.2%
proteins that are situated entirely on the surfaces of the membraneperipheral
31%
pressure pushing out in cellshydrostatic pressure
31%
proteins that traverse the membrane from the inside of the cell to the outsideintegral
27.6%
Bacterial flagella are made offlagellin
26.4%
capable of using CO2 as their sole source of carbonautotrophs
24.1%
use light as energy sourcephototrophs
23%
use preformed organic molecules as their source of carbonheterotrophs
20.7%
helically shaped rigid bacteriaspirilla
18.4%
use oxidation of matter for energychemotrophs
16.1%
a virus in the lysogenic phase template virus
13.8%
period from infection to lysislatent period
12.6%
helically shaped bacteriaspirochetes
10.3%
means living off dead organic mattersaprophytic
10.3%
RNA that can be directly translated to proteinplus-stranded
8%

You're not logged in!

Compare scores with friends on all Sporcle quizzes.
Join for Free
OR
Log In

You Might Also Like...

Show Comments

Extras

Created Aug 3, 2014ReportNominate
Tags:Biology Quiz

Top Quizzes Today


Score Distribution

Your Account Isn't Verified!

In order to create a playlist on Sporcle, you need to verify the email address you used during registration. Go to your Sporcle Settings to finish the process.

Report this User

Report this user for behavior that violates our Community Guidelines.

Details: